LEADER 02355nam0 22004813i 450 001 BVE0117866 005 20251003044056.0 010 $a8871533224 100 $a20000124d1996 ||||0itac50 ba 101 | $aita 102 $ait 181 1$6z01$ai $bxxxe 182 1$6z01$an 200 1 $aIndicatori economici provinciali$fConfindustria, Centro studi$g[a cura di Giuseppe Rosa, Michele Esposto] 210 $aRoma$cSIPI$d1996 215 $aXIX, 233 p.$d24 cm 225 | $aIndustria e territorio$v19 300 $aSegue: Cartogrammi. 314 $aSC/CFI 30/01/02 SC/CFI 01/08/96 SC/BVE, 04/10/94, BNI giugno 1994$9CFIV004638 410 0$1001CFI0115380$12001 $aIndustria e territorio$v19 606 $aITALIA$xECONOMIA$x1992-1995$xSTATISTICA$2FIR$3IEIC097199$9I 676 $a330.945092$9SITUAZIONI E CONDIZIONI ECONOMICHE. ITALIA. 1946-$v23 676 $a330.9450929$9SITUAZIONE E CONDIZIONI ECONOMICHE. ITALIA. 1990-$v20 696 $aEconomia reale$aAttivitą economiche$aAspetti economici$aScienze statistiche 699 $aEconomia$yEconomia reale 699 $aEconomia$zAttivitą economiche 699 $aEconomia$zAspetti economici 699 $aStatistica$yScienze statistiche 702 1$aRosa$b, Giuseppe$f <1946- >$3CFIV011844 702 1$aEsposto$b, Michele$3CFIV136385 710 02$aConfindustria$b : Centro studi$3CFIV004638$4070$022508 791 02$aCentro studi Confindustria$3CFIV012525$zConfindustria : Centro studi 791 02$aCSC$c $3CFIV065535$zConfindustria : Centro studi 791 02$aCentro studi Confindustria$3CFIV012525$zConfindustria : Centro studi 791 02$aCSC$c $3CFIV065535$zConfindustria : Centro studi 801 3$aIT$bIT-000000$c20000124 850 $aIT-BN0095 901 $bNAP 01$cPOZZO LIB.$nVi sono collocati fondi di economia, periodici di ingegneria e scienze, periodici di economia e statistica e altri fondi comprendenti documenti di economia pervenuti in dono. 912 $aBVE0117866 950 0$aBiblioteca Centralizzata di Ateneo$c1 v.$d 01POZZO LIB.ECON MON 7044$e 0101 0700202035E VMA 1 v. (Precedente collocazione 20 EC 203)$fB $h20220727$i20220727 977 $a 01 996 $aIndicatori economici provinciali$962465 997 $aUNISANNIO